000 00494nam a2200145 4500
999 _c11684
_d11684
008 181218b ||||| |||| 00| 0 eng d
022 _a 2094-8042
082 _aDPer 050 T48 Apr-June 2016 v. 187 n. 12-24
100 _933417
_aLevy, Bernard-Henri
245 _aFrancois Hollande:
_bthe defiant European/
_cBernard-Henri Levy.
260 _aHong Kong:
_bTime Asia,
_cc2016.
300 _av187 n16-17, page 79:
_billustrations;
_c27 cm.
650 0 _933418
_aPresidents
_zFrance.
942 _2ddc
_cPER